Japanese-German business relations: Cooperation and rivalry inter- war period (Record no. 16132)
[ view plain ]
| 000 -LEADER | |
|---|---|
| fixed length control field | 00593nam a2200169Ia 4500 |
| 082 ## - DEWEY DECIMAL CLASSIFICATION NUMBER | |
| Classification number | 337.43052 AKI-J |
| 100 ## - MAIN ENTRY--AUTHOR NAME | |
| Personal name | Akira, Kudo |
| 245 #0 - TITLE STATEMENT | |
| Title | Japanese-German business relations: Cooperation and rivalry inter- war period |
| 260 ## - PUBLICATION, DISTRIBUTION, ETC. (IMPRINT) | |
| Place of publication | London |
| Name of publisher | Routledge |
| Year of publication | 1998 |
| 300 ## - PHYSICAL DESCRIPTION | |
| Number of Pages | xii, 286 |
| 504 ## - BIBLIOGRAPHY, ETC. NOTE | |
| Bibliography, etc | includes bibliography and index |
| 650 ## - SUBJECT ADDED ENTRY--TOPICAL TERM | |
| Topical Term | Germany |
| Form subdivision | Foreign economic relations |
| Geographic subdivision | Japan |
| 650 ## - SUBJECT ADDED ENTRY--TOPICAL TERM | |
| Topical Term | Japan |
| Form subdivision | Foreign economic relations |
| Geographic subdivision | Germany |
| 650 ## - SUBJECT ADDED ENTRY--TOPICAL TERM | |
| Topical Term | Technology transfer |
| Form subdivision | Japan |
| -- | History |
| Geographic subdivision | 20th century |
| 650 ## - SUBJECT ADDED ENTRY--TOPICAL TERM | |
| Topical Term | Technology transfer |
| Form subdivision | Germany |
| -- | History |
| Geographic subdivision | 20th century |
| 942 ## - ADDED ENTRY ELEMENTS (KOHA) | |
| Koha item type | Books |
| Withdrawn status | Lost status | Damaged status | Not for loan | Collection code | Home library | Current library | Date acquired | Bill Date | Full call number | Accession Number | Price effective from | Koha item type |
|---|---|---|---|---|---|---|---|---|---|---|---|---|
| Docas Books | NASSDOC Library | NASSDOC Library | 30/12/2016 | 2005-02-11 | 337.43052 AKI-J | D000788 | 18/04/2019 | Books |
